000 00445nam a2200157Ia 4500
003 GCL
008 140319s9999 xx 000 0 eng d
040 _aGCL /
_cGCL
082 0 4 _a658.4038011
_bL C
100 1 _aLAWLOR, STEVEN C.
245 1 0 _aCOMPUTER INTERNATION SYSTEM: 2nd ed /
_cLAWLOR, STEVEN C.
260 _a[S.N] :
_bHARCOURT BRACE JOVANOVICH,INC. ،
_c1992
300 _a483 P
650 0 4 _aINFORMATION TECHNOLOGY
942 _2ddc
_cBK
999 _c10666
_d10666